Responses for Show #4152 - Tuesday, September 24, 2002

Contestants

[<< previous game]

Richard Bonny, a software engineer from Kirkland, Washington

Lisa Flehinger, a puzzle editor from West Norriton, Pennsylvania

Tom Kelso, a credit analyst from Chicago, Illinois (whose 3-day cash winnings total $83,402)

[next game >>]

Jeopardy! Round responses

THE U.S.
FOOD FOR THOUGHT
WHO PLAYED 'EM?
(Alex: In the movies.)
INVENTED FIRST
COME TOGETHER
RHYME TIME
    $200 2
Alaska

Lisa
    $200 14
(Tom: What are corn nuts?)

peanuts

TomRichard
    $200 1
Renee Zellweger

Richard
    $200 10
bifocal lens

Richard
    $200 15
audience

Tom
    $200 20
Quaker baker

Tom
    $400 3
Michigan

Tom
    $400 25
(Alex: That was a happy panda, wasn't it?)

bamboo

Tom
    $400 4
William Holden

Tom
    $400 11
(Lisa: What is the microwave oven?)

frozen food

LisaRichard
    $400 16
seance

Richard
    $400 21
scary dairy

Lisa
    $1,000 6
(Lisa: What is Texas?)

Nevada

Lisa
    $600 26
yogurt

Lisa
    $600 5
(Tom: Who is Clint Eastwood?)

Kevin Costner

TomLisa
    $600 13
telescope

Lisa
    $600 17
Camp David

Richard
    $600 22
heavy Chevy

Triple Stumper
    $800 7
Florida

Tom
    $800 27
Pure Food and Drug Act

Tom
    $800 8
Ali MacGraw

Tom
    $800 29
(Tom: What is bakelite?)

linoleum (around 1860)

TomRichard
    $800 18
gavel

Lisa
    $800 23
mutton glutton

Lisa
    $1000 12
(Richard: What is New York?)

California (San Francisco & LAX)

TomRichard
    $1000 28
krill

Lisa
    $1000 9
Owen Wilson

Triple Stumper
    $1000 30
Leyden jar (1745)

Tom
    $1000 19
Steve Allen

Richard
    $1000 24
beaten Cretan

Tom

Scores at the first commercial break (after clue 15):

Tom Lisa Richard
$2,800 $0 $0

Scores at the end of the Jeopardy! Round:

Tom Lisa Richard
$5,400 $3,600 $2,800

Double Jeopardy! Round responses

THE "US"
(Alex: Each of the correct responses will end in the letters "US".)
LESSER-KNOWN POEMS
NAME THE OLYMPIC CITY
REPUBLICANS
PICK YOUR POISON
OSCAR NIGHT FASHION
    $400 1
tetanus

Tom
    $400 21
Dante

Tom
    $400 2
Athens

Tom
    $400 11
Barry Goldwater

Tom
    $400 16
mushrooms

Richard
    $400 26
Barbra Streisand

Richard
    $800 5
sarcophagus

Tom
    $800 22
slavery

Tom
    $800 3
Berlin

Tom
    $3,000 12
Yucca Mountain

Tom
    $800 17
hemlock

Tom
    $800 27
Bjork

Tom
    $3,000 8
Indus

Richard
    $1200 23
altar

Triple Stumper
    $1200 4
Sarajevo

Lisa
    $1200 13
Trent Lott

Tom
    $1200 18
nightshade

Tom
    $1200 28
Nehru jacket

Lisa
    $1600 9
Coriolanus

Lisa
    $1600 24
Venice

Richard
    $1600 6
Helsinki

Richard
    $1600 14
Jim Bunning

Tom
    $1600 19
foxglove

Richard
    $1600 29
Hilary Swank

Tom
    $2000 10
Tartarus

Tom
    $2000 25
Queen Mab

Tom
    $2000 7
Lake Placid, New York

Richard
    $2000 15
Roscoe "Fatty" Arbuckle

Triple Stumper
    $2000 20
Jimsonweed (Jamestown weed)

Triple Stumper
    $2000 30
(Tom: Who is Angelina Jolie?)

Chloe Sevigny

Tom
Triple Stumper

Scores at the end of the Double Jeopardy! Round:

Tom Lisa Richard
$21,600 $7,600 $13,400

[wagering suggestions for these scores]

Final Jeopardy! Round responses

WORLD NATIONS
LisaWhat is the Netherlands?
$0
RichardWhat is Thailand?
$13,300
TomWhat is the Netherlands?
$5,201
Thailand

Final scores:

Tom Lisa Richard
$16,399 $7,600 $26,700
2nd place: $2,000 3rd place: $1,000 New champion: $26,700

Game dynamics:

Coryat scores:

Tom Lisa Richard
$19,400 $8,600 $11,600
27 R
(including 1 DD),
4 W
11 R,
2 W
(including 1 DD)
15 R
(including 1 DD),
1 W

Combined Coryat: $39,600

[game clues] [game scores] [suggest correction]

Game tape date: 2002-06-17
The J! Archive is created by fans, for fans. Scraping, republication, monetization, and malicious use prohibited; this site may use cookies and collect identifying information. See terms. The Jeopardy! game show and all elements thereof, including but not limited to copyright and trademark thereto, are the property of Jeopardy Productions, Inc. and are protected under law. This website is not affiliated with, sponsored by, or operated by Jeopardy Productions, Inc. Join the discussion at JBoard.tv.